THE ELEVENTH COMMANDMENT (Record no. 2012)
[ view plain ]
| 000 -LEADER | |
|---|---|
| fixed length control field | 00619nam a22001457a 4500 |
| 020 ## - INTERNATIONAL STANDARD BOOK NUMBER | |
| ISBN | 0-00-225319-4 |
| 082 ## - DEWEY DECIMAL CLASSIFICATION NUMBER | |
| Classification number | 823 |
| Item number | ARC/E |
| 100 ## - MAIN ENTRY--AUTHOR NAME | |
| Personal name | ARCHER, JEFFREY |
| 245 ## - TITLE STATEMENT | |
| Title | THE ELEVENTH COMMANDMENT |
| 260 ## - PUBLICATION, DISTRIBUTION, ETC. (IMPRINT) | |
| Place of publication | NEW YORK |
| Name of publisher | HARPER COLLINS |
| 300 ## - PHYSICAL DESCRIPTION | |
| Number of Pages | 342 |
| 520 ## - SUMMARY, ETC. | |
| Summary, etc | The book starts with the murder of a candidate for the Colombian presidency. During this time, Helen finds out that she would be fired if she is found out to be ordering assassinations on several nations. To cover up her work she plans to have her chief assassin, Connor Fitzgerald, eliminated. |
| 650 ## - SUBJECT ADDED ENTRY--TOPICAL TERM | |
| Topical Term | ENGLISH NOVEL |
| Geographic subdivision | UNITED STATES |
| 942 ## - ADDED ENTRY ELEMENTS (KOHA) | |
| Koha item type | Books |
| Withdrawn status | Lost status | Collection code | Home library | Current library | Shelving location | Date acquired | Source of acquisition | Full call number | Accession Number | Koha item type |
|---|---|---|---|---|---|---|---|---|---|---|
| Reference | Main Library | Main Library | SHELF 1 E-CURRICULAM &ENGLISH NOVELS FOR TEACHERS | 15/10/2011 | purchase | 823 ARC/E | 05611 | Books |